00625 a2200181 4500003000400000005001700004008004100021020001800062040000900080082001500089100002300104245008000127260003500207300001000242942003600252952013800288999001700426OSt20231007113522.0231007b |||||||| |||| 00| 0 eng d a9781782279358 coclc a823bHWA/A ahwagil, kang99694 aANOTHER PERSON /cKang Hwagil; Translated from the Korean by Clare Richards aLondon:bPushkin Press,c2023. a302 p 2ddccBKh823iHWA/Ak823mHWA/A 00102ddc40708FICaMESbMEScENGd2023-10-07l2o823 HWA/Ap42802r2026-02-06 09:14:23s2026-01-23v599.00w2023-10-07yBKzGR20R2 c42570d42570